Subjetividad y Cultura No. 12 · abril 1999 /
Subjetividad y Cultura, revista mexicana de psicología, cuyo título busca expresar la relación sujeto-sociedad como centro de la praxis profesional del campo y eje de los problemas disciplinarios específicos. El número 12 (abril de 1999) está formado por las siguientes secciones y colaboraciones: I)...
में बचाया:
| अन्य लेखक: | , , |
|---|---|
| स्वरूप: | पुस्तक |
| भाषा: | स्पेनिश |
| प्रकाशित: |
México :
Plaza y Janés,
1999
|
| श्रृंखला: | (Subjetividad y Cultura ;
12) |
| विषय: | |
| टैग: |
कोई टैग नहीं, इस रिकॉर्ड को टैग करने वाले पहले व्यक्ति बनें!
|
MARC
| LEADER | 00000nam^a2200000^a^4500 | ||
|---|---|---|---|
| 001 | 000630264 | ||
| 005 | 20260410000000.0 | ||
| 009 | 20260410195519.089 | ||
| 020 | |a 968-856-702-7 | ||
| 037 | |a Acervo ITESO - Biblioteca | ||
| 041 | |a ESP | ||
| 082 | |a 150. 5 |b SUB V. 12 | ||
| 240 | 1 | 0 | |a [Subjetividad y Cultura] |
| 245 | 0 | 0 | |a Subjetividad y Cultura No. 12 · abril 1999 / |c Dir. de M. Campuzano, E. Guinsberg. M. Matrajt. |
| 264 | 1 | |a México : |b Plaza y Janés, |c 1999 | |
| 300 | |a 120 p. | ||
| 336 | |a texto |b txt |2 rdacontenido | ||
| 337 | |a sin mediación |b n |2 rdamedio | ||
| 338 | |a volumen |b nc |2 rdasoporte | ||
| 440 | 1 | |a (Subjetividad y Cultura ; |v 12) | |
| 520 | |a Subjetividad y Cultura, revista mexicana de psicología, cuyo título busca expresar la relación sujeto-sociedad como centro de la praxis profesional del campo y eje de los problemas disciplinarios específicos. El número 12 (abril de 1999) está formado por las siguientes secciones y colaboraciones: I) Este número. II) Textos: 1) Amaré tu sangre: el analizador Drácula y el ideal del superyó, por Alfredo Grande; 2) Algunas reflexiones sobre los derechos humanos de los enfermos terminales, por Jorge Galeano Massera y Eva González Weichselbaum; 3) La investigación etnopsicoanalítica con la metodología del psicodrama, por Ursula Hauser; 4) Tensiones feministas: resignificando lo político, por Teresa Azcárate, María Elena Bartis y Silvia Werheim; 5) La palabra de Dios, el abuso de la transferencia, por Juan Vives Rocabert, y 5) Mutismo y comunicación no verbal en un niño "autista", por Laura Achard Arrosa. | ||
| 520 | |a III) Bibliográficas: 7) "Introdução à esquizoanálise", de Gregorio Baremblitt, por Miguel Martajt Karsemboin, codirector de la revista; 8) "Subjetividad: umbrales del pensamiento social", de Emma León y Hugo Zemelman (coordinadores), por Jorge Galeano Massera; 9) "Homo videns: la sociedad teledirigida", de Giovanni Sartori, por Enrique Guinsberg, codirector de la publicación; 10) "A danação do trabalho", de João Ferreira da Silva Filho y Silvia Jardim (editores), por M. Matrajt Karsemboin; 11) "Una luz de bengala: el diario de una periodista", de Mercedes Padrés, por Mario Campuzano Montoya, codirector de la revista; 12) "¿Quién cura a quién?: múltiples abordajes psicoterapéuticos", por Guillermo Delahanty Matuk; 13) Libro polémico: "Vertiginosa inmovilidad: los cambios globales de la vida social", por Horst Kurnitzky, de E. Guinsberg, Ricardo A. Yocelevzky y Carlos Fazio, y 14) Publicaciones recibidas. IV) Noticias y comentarios: 15) El vacío y la negación como sustitutos de la realidad, por Ricardo Keimansky, Laura Saidman, María del Carmen Santiesteban, Arturo Smud, Elena Stenger y Celeste Tarrio; 13) El Congreso del APM (Asociación Psicoanalítica Mexicana) y la crisis del psicoanálisis, por M. Campuzano Montoya, codirector de la revista; 14) Coloquio Internacional Violencia y Trabajo, por M. Matrajt Karsemboin; 15) Homenaje implicado a Yehudi Menuhim, por E. Guinsberg; 16) Coloquio La Globalización de la Violencia, por Stephen A. Hasam, y 17) Pinochet y la fábula del animal con cola, por E. Guinsberg. | ||
| 586 | |a Premio Príncipe de Asturias de Ciencias Sociales 2005: Biografías, crítica e interpretación | ||
| 567 | |a Catalogación rápida | ||
| 649 | |a XX | ||
| 650 | |a Subjetividad (Psicología) - |x Aspectos Sociales y Culturales - |x Publicaciones Periódicas | ||
| 650 | |a Psicología - |x Publicaciones Periódicas - |x Tema Principal | ||
| 650 | |a Publicaciones Periódicas Mexicanas | ||
| 650 | |a Publicaciones Periódicas | ||
| 700 | |a Campuzano, Mario |e (dirección) | ||
| 700 | |a Guinsberg, Enrique |e (dirección) | ||
| 700 | |a Matrajt, Miguel |e (dirección) | ||
| 910 | |a Fondo Castillo-Martínez | ||
| 920 | |a Impresos - Libros | ||
| 930 | |a Fondos Especiales | ||
| 905 | |a 127 | ||
| 901 | |a 630264-10 |b IT2 |c ESP |i D128495 |u 20260410 | ||
| 902 | |a https://opac.biblio.iteso.mx/vufind/Record/000630264 | ||